000 01090nam a2200289 i 4500
999 _c67967
_d67967
003 Mx-PuUPA
005 20220302075451.0
008 181121b2018 mx a||||r|||| 00| 0 spa d
020 _a9786075288079
040 _aMx-PuUPA
_bspa
_cMx-PuUPA
_dMx-PuUPA
_erda
041 0 _aspa
100 1 _aIrvine, Alexander,
_q(Alexander C.)
_eautor
_98312
245 1 0 _aMarvel vehículos :
_bmanual del usuario /
_cpor Alex Irvine
250 _aPrimera edición /
_bfebrero
264 0 _aCiudad de México, México :
_bEditorial Panini México,
_c©2018
300 _a157 páginas :
_bilustraciones (principalmente a color) ;
_c28 cm.
336 _atexto
_2rdacontent
_btxt
337 _asin medio
_2rdamedia
_bn
338 _avolumen
_2rdacarrier
_bnc
500 _aEncuadernación en pasta dura.
650 4 _aVehículos
_xLiteratura infantil
650 4 _aLibros para niños
_xCiencia ficción
942 _2ddc
_cLI
_h796.15
_iI721